La autenticidad de la Bula "In apostolatus culmine", base de la Universidad de Santo Domingo, puesta fuera de discusión / (Record no. 30596)

MARC details
000 -LEADER
campo de control de longitud fija 00936nam a2200217 i 4500
001 - NÚMERO DE CONTROL
campo de control 30596
003 - IDENTIFICADOR DE NÚMERO DE CONTROL
campo de control ES-MaACL
005 - FECHA Y HORA DE LA ÚLTIMA TRANSACCIÓN
campo de control 20251003063044.0
007 - CAMPO FIJO DE DESCRIPCIÓN FÍSICA--INFORMACIÓN GENERAL
campo de control de longitud fija t|
008 - DATOS DE LONGITUD FIJA--INFORMACIÓN GENERAL
campo de control de longitud fija 030127s1955 dr |||| | spa d
100 1# - ENTRADA PRINCIPAL--NOMBRE DE PERSONA
Nombre de persona Beltrán de Heredia, Vicente,
Fechas asociadas al nombre 1885-1973
9 (RLIN) 27359
245 13 - MENCIÓN DEL TÍTULO
Título La autenticidad de la Bula "In apostolatus culmine", base de la Universidad de Santo Domingo, puesta fuera de discusión /
Mención de responsabilidad, etc. Vicente Beltrán de Heredia.
260 ## - PUBLICACIÓN, DISTRIBUCIÓN, ETC.
Lugar de publicación, distribución, etc. Ciudad Trujillo :
Nombre del editor, distribuidor, etc. Universidad de Santo Domingo,
Fecha de publicación, distribución, etc. [1955]
300 ## - DESCRIPCIÓN FÍSICA
Extensión 56 p., 2 h. de lám. ;
Dimensiones 22 cm.
490 1# - MENCIÓN DE SERIE
Mención de serie Publicaciones de la Universidad de Santo Domingo, serie 9 ;
Designación de volumen o secuencia 99, n. 3
610 24 - PUNTO DE ACCESO ADICIONAL DE MATERIA--NOMBRE DE ENTIDAD CORPORATIVA
Nombre de entidad corporativa o nombre de jurisdicción como elemento de entrada Universidad de Santo Domingo-
Subdivisión de forma Historia-
-- Fuentes.
9 (RLIN) 169322
710 2# - ENTRADA AGREGADA--NOMBRE DE ENTIDAD CORPORATIVA
Nombre de entidad corporativa o nombre de jurisdicción como elemento de entrada Universidad de Santo Domingo.
9 (RLIN) 7299
830 1# - PUNTO DE ACCESO ADICIONAL DE SERIE-TÍTULO UNIFORME
Título uniforme Publicaciones de la Universidad de Santo Domingo, serie 9 ;
Designación de volumen o secuencia 99, n. 3
9 (RLIN) 229343
852 ## - LOCALIZACIÓN
Ubicación ES-MaACL
Número de control de estantería 1994-F-14
Holdings
Estatus retirado Estado de pérdida Estado de daño No para préstamo Colección Biblioteca de origen Biblioteca actual Ubicación en estantería Fecha de adquisición Fuente de adquisición Total de préstamos Signatura topográfica completa Código de barras Visto por última vez Precio de reemplazo Tipo de ítem Koha
        Colección de folletos Biblioteca del Ateneo de Madrid Biblioteca del Ateneo de Madrid Depósito folletos 17/01/2008     1994-F-14 1031594 23/02/2023 23/02/2023 Folleto